000 00642nam a2200241Ia 4500
003 OSt
005 20221005060349.0
006 a|||||r|||| 00| 0
007 ta
008 221004b |||||||| |||| 00| 0 eng d
024 _a61338
037 _cTextual
040 _aCRL
_cCRL
_beng
041 _2eng
_aeng
082 _aS:f, n1
100 _aHyman jOHN Ed.
_9475084
245 0 _aInvestigating psychology
_b Sciences of the mind after wittgenstein
260 _alONDON
_brOUTLEDGE
_c1991
300 _a204P.
_ccm.
650 _aPSYCHOLOGY
942 _hS:f, n1
_cTEXL
_2cc
999 _c966576
_d966576